000 00238nam a2200133Ia 4500
100 _aSKF
942 _cBK
654 _aTQA
245 _aTQA Workshop
260 _bnone
082 _a658.562
_bSKF
546 _aENGLISH
999 _c24045
_d24045